| 000 | 01482nam a22004097a 4500 | ||
|---|---|---|---|
| 001 | 000098010 | ||
| 003 | CHAP | ||
| 005 | 20220817044211.0 | ||
| 008 | 080221d2004 sp a r 00110 spa d | ||
| 010 | _a94476 | ||
| 011 | _a95448 | ||
| 020 | _a8484761657 | ||
| 035 | _a106074 | ||
| 040 | _cCHAP | ||
| 082 | 0 | 0 |
_a621.45 _bE74 |
| 100 | 1 |
_aEscudero López, José Ma. _937550 |
|
| 245 | 1 | 0 |
_aManual de energía eólica : _binvestigación, diseño, promoción, construcción y explotación de distinto tipo de instalaciones / _c/por José Ma. Escudero López y [otros]. |
| 260 |
_aBarcelona. : _bMundi-Prensa, _c2004. |
||
| 300 |
_a471 p. : _bilus. ; gráfas. ; cuadros mapas. |
||
| 590 |
_aBATCH-UPD _b10 _c20130110 _lUCH01 _h1419 |
||
| 590 |
_aBATCH-UPD _b10 _c20130410 _lUCH01 _h0902 |
||
| 590 |
_aBATCH-UPD _b10 _c20130914 _lUCH01 _h1204 |
||
| 590 |
_aCONVERSION _b10 _c20130109 _lUCH01 _h1352 |
||
| 590 |
_aE5765TAJ _b05 _c20170929 _lUCH01 _h0948 |
||
| 590 |
_aE5765TAJ _b05 _c20170929 _lUCH01 _h1130 |
||
| 650 | 1 | 4 | _aDinamos. |
| 650 | 1 | 4 |
_aEnergía eléctrica. _936901 |
| 650 | 1 | 4 |
_aEnergía eólica. _936903 |
| 650 | 1 | 4 |
_aEnergía renovable. _936910 |
| 650 | 1 | 4 |
_aInstalaciones eléctricas. _958971 |
| 650 | 1 | 4 |
_aVientos. _9119291 |
| 901 | _aBK | ||
| 942 | _cLIBRO | ||
| 942 | _n0 | ||
| 949 |
_a621.45 S8 c.2 _bBC _cLIBRO _d33724002046009 _eLIBRO _fc.2 _gI.c/e _h108994 _i106074 _si _t$765.00 |
||
| 949 |
_a621.45 S8 _bBC _cLIBRO _d33724002046017 _eLIBRO _gI.c/e _h108993 _i106074 _si _t$765.00 |
||
| 999 |
_c94476 _d94476 |
||